Từ điển cơ khí Nga - Việt

Bewaard in:
Bibliografische gegevens
Formaat: Boek
Taal:Undetermined
Gepubliceerd in: Hà Nội KHKT 1986
Onderwerpen:
Tags: Voeg label toe
Geen labels, Wees de eerste die dit record labelt!
Thư viện lưu trữ: Trung tâm Học liệu Trường Đại học Cần Thơ
LEADER 00404nam a2200145Ia 4500
001 CTU_15844
008 210402s9999 xx 000 0 und d
082 |a 621.803 
082 |b T550/1986 
245 0 |a Từ điển cơ khí Nga - Việt 
260 |a Hà Nội 
260 |b KHKT 
260 |c 1986 
650 |a machinery - terminology 
980 |a Trung tâm Học liệu Trường Đại học Cần Thơ